| 000 | 00681pam a2200193 a 4500 | ||
|---|---|---|---|
| 020 | _a0387912800 | ||
| 082 | 0 | 0 |
_a510.2462 _bSTR _cL.3, P45 |
| 100 | 1 |
_aStroud, K. A. _939005 |
|
| 245 | 1 | 0 |
_aFurther engineering mathematics : _bprograms and problems / _cKen A. Stroud. |
| 250 | _a2nd ed. | ||
| 260 |
_aNew York, NY : _bSpringer-Verlag, _c1990. |
||
| 300 |
_axviii, 1140 p. ; _c22 cm. |
||
| 500 | _a"Companion volume: Engineering Mathematics, third edition Ken A. Stroud"--Verso half t.p. | ||
| 500 | _aIncludes index. | ||
| 526 |
_a0 _b0 _c0 _d510_246200000000000_STR |
||
| 650 | 0 |
_aEngineering mathematics _xProgrammed instruction. _939006 |
|
| 650 | 0 |
_aMCE _9379 |
|
| 942 |
_2ddc _cBK |
||
| 999 |
_c543746 _d543746 |
||